000 00389nam a2200169Ia 4500
008 210210b1929 xxu||||| |||| 00| 0 eng d
041 _aeng
082 _a942/107
100 _aHOME (Gordon)
245 _aHistory of London
260 _aLondon
_bErnest Benn Limited
_c1929
650 _aof
650 _aLondon
650 _aHistory
690 _aEuropean History
906 _a025515
999 _c151395
_d151395